US States in Chinese - Statistics

General Stats
  • This quiz has been taken 53 times
  • The average score is 39 of 50
Answer Stats
Pīnyīn State % Correct
阿拉巴馬 ā lā bā mǎ Alabama
96%
阿肯色 ā kěn sè Arkansas
96%
阿拉斯加 ā lā sī jiā Alaska
94%
猶他 yóu tā Utah
92%
愛達荷 ài dá hé Idaho
90%
堪薩斯 kān sà sī Kansas
90%
紐約 niǔ yuē New York
90%
加利福尼亞 jiā lì fú ní yǎ California
88%
佛羅里達 fó luó lǐ dá Florida
88%
肯塔基 kěn tǎ jī Kentucky
88%
路易斯安那 lù yì sī ān nà Louisiana
88%
印地安那 yìn dì ān nà Indiana
86%
密歇根 mì xiē gēn Michigan
86%
俄克拉何馬 é kè lā hé mǎ Oklahoma
84%
科羅拉多 kē luó lā duō Colorado
82%
馬薩諸塞 mǎ sà zhū sāi Massachusetts
82%
明尼蘇達 míng ní sū dá Minnesota
82%
密蘇里 mì sū lǐ Missouri
82%
新墨西哥 xīn mò xī gē New Mexico
82%
俄亥俄 é hài é Ohio
82%
密西西比 mì xī xī bǐ Mississippi
80%
蒙大拿 méng dà ná Montana
80%
內布拉斯加 nèi bù lā sī jiā Nebraska
80%
北卡羅來納 běi kǎ luó lái nà North Carolina
80%
俄勒岡 é lēi gāng Oregon
80%
南卡羅來納 nán kǎ luó lái nà South Carolina
80%
內華達 nèi huá dá Nevada
78%
新罕布什爾 xīn hǎn bù shí ěr New Hampshire
78%
北達科他 běi dá kē tā North Dakota
78%
南達科他 nán dá kē tā South Dakota
78%
弗吉尼亞 fú jí ní yǎ Virginia
78%
夏威夷 xià wēi yí Hawaii
76%
伊利諾伊 yī lì nuò yī Illinois
76%
愛荷華 ài hé huá Iowa
76%
緬因 miǎn yīn Maine
76%
馬里蘭 mǎ lǐ lán Maryland
76%
新澤西 xīn zé xī New Jersey
76%
田納西 tián nà xī Tennessee
76%
懷俄明 huái é míng Wyoming
76%
喬治亞 qiáo zhì yà Georgia
71%
華盛頓 huá shèng dùn Washington
71%
西弗吉尼亞 xī fú jí ní yǎ West Virginia
71%
佛蒙特 fú méng tè Vermont
69%
威斯康星 wēi sī kāng xīng Wisconsin
69%
康涅狄格 kāng niè dí gé Connecticut
67%
特拉華 tè lā huá Delaware
67%
得克薩斯 dé kè sà sī Texas
63%
亞利桑那 yǎ lì sāng nà Arizona
61%
羅德島 luó dé dǎo Rhode Island
61%
賓夕法尼亞 bīn xī fǎ ní yǎ Pennsylvania
59%
No matching quizzes found
Score Distribution
Percent of People with Each Score
Percentile by Number Answered
Your Score History
You have not taken this quiz